000 00518nam a22001697a 4500
999 _c8300
_d8300
008 201112b ||||| |||| 00| 0 eng d
040 _aBMS College of Architecture
100 _aNair, K Aarya
245 _aArchitecture for the Indigenous
300 _aNA
500 _a1BM15AT002
502 _8B.Arch
_NBMS College of Architecture, Visvesvaraya Technology University (VTU)
_aProject report
_d2019
650 _aIndigenous
700 _aShanu Raina
_eGuide
700 _aShantesh Kelvekar
_eGuide
942 _2ddc
_cTHE